• 首页
  • 本馆介绍
  • 公告通知
  • 最新文献
  • 馆藏检索
  • 电子资源
  • 读者导购
  • 参考咨询
  • 我的图书馆
  • 登录
  • 详细信息显示
  • 放入我的书架
  • 预约/预借图书
  • 作者相关作品
  • 分类相关作品
  • 丛书相关作品
  • 出版社相关作品

书目信息

  • 表格格式
  • 工作单格式
  • 卡片格式
题名:
煤矸石的综合利用
    
 
作者: 李化建 编著
分册:  
出版信息: 北京   化学工业出版社  2010.05
页数: 199页
开本: 26cm
丛书名:
单 册:
中图分类: TD849
科图分类:
主题词: 煤矸石利用--综合利用 , 煤矸石利用 , 综合利用
电子资源:
ISBN: 978-7-122-07948-0
000 00906nam0 2200253 45
001 1355396889
005 20130513150902.68
010    @a978-7-122-07948-0@dCNY39.00
100    @a20130108d2010 em y0chiy0110 ea
101 0  @achi
102    @aCN@b110000
105    @aak z 000yy
106    @ar
200 1  @a煤矸石的综合利用@AMei Gan Shi De Zong He Li Yong@f李化建编著@FLi Hua Jian Bian Zhu
210    @a北京@c化学工业出版社@d2010.05
215    @a199页@c图@d26cm
330    @a本书以煤矸石建材资源为主线,从基于煤矸石物化性能的综合利用原则、煤矸石活化机理、煤矸石水泥混合材、煤矸石矿物聚合材料、煤矸石混凝土矿物掺和料等方面系统地阐述了煤矸石综合利用过程的基础理论问题和应用技术问题。
606 0  @a煤矸石利用@x综合利用
606 0  @a煤矸石利用
606 0  @a综合利用
690    @aTD849@v5
701  0 @a李化建@ALi Hua Jian@4编著
801    @aCN@bTANGWEI@c20130109
905    @b0830962-64@dTD849@e23@f3
    
    煤矸石的综合利用/李化建编著.-北京:化学工业出版社,2010.05
    199页:图;26cm
    
    
    ISBN 978-7-122-07948-0:CNY39.00
    本书以煤矸石建材资源为主线,从基于煤矸石物化性能的综合利用原则、煤矸石活化机理、煤矸石水泥混合材、煤矸石矿物聚合材料、煤矸石混凝土矿物掺和料等方面系统地阐述了煤矸石综合利用过程的基础理论问题和应用技术问题。
●
相关链接 在E读中查询图书 在五车中查询图书 在当当中查询图书 在豆瓣中查询图书


正题名:煤矸石的综合利用     索取号:TD849/23         预约/预借

序号 登录号 条形码 馆藏地/架位号 状态 备注
1 0830962   208309622   第二样本阅览室/ [索取号:TD849/23] 在馆    
2 0830963   208309631   第三借阅区/ [索取号:TD849/23] 在馆    
3 0830964   208309640   第三借阅区/ [索取号:TD849/23] 在馆    
唐山师范学院图书馆 欢迎您!
大连网信软件有限公司© 版权所有